00603nam a2200157 a 450000500170000000800410001702000180005805000240007610000190010024501000011926000390021930000230025852001340028165000180041565000120043320140412111248.0020516s19uu xx 00 eng d a0-7323-1003-2 aM 745.54bR541 1972 aRoberts, David aOrigami: dinosaurs /cby David Roberts ; illustrated by Leslie Caswell Models by Brian Edwards. aWilton, CT :bBudget Books,c1972. a1 v. (unp.) ; ill. aCreate your own dinosaurs! by following the easy step-by-step instructions you can bring these 6 colorful origami models to life. aPaper folding aOrigami